Statystyki dla Kiedy się to wydarzyło?

Kliknij tutaj aby rozwiązać quiz!

Ogólne statystyki

  • Ten quiz został rozwiązany 33 razy
  • Średni wynik to 12 z 21

Statystyki odpowiedzi

WydarzenieRok% Poprawnych
Rozpoczęcie II Wojny Światowej1939
96%
Śmierć Królowej Elżbiety II2022
96%
Bitwa pod Grunwaldem1410
87%
Odkrycie Ameryki1492
74%
Koronacja Bolesława Chrobrego na króla1025
70%
I Rozbiór Polski1772
70%
Konstytucja 3 Maja1791
65%
Powstanie Sudanu Południowego2011
65%
Powstanie ZSRR1922
61%
Deklaracja niepodległości USA1776
52%
Powstanie Kościuszkowskie1794
52%
Powstanie NATO1949
52%
Traktat Wersalski1919
48%
Powstanie ONZ1945
48%
Koronacja Napoleona na cesarza1804
43%
Utworzenie Księstwa Warszawskiego1807
43%
Napisanie Mazurka Dąbrowskiego1797
35%
Śmierć Abrahama Lincolna1865
35%
Odkrycie Drogi Morskiej Do Indii1498
30%
Ukończenie Wieży Eiffla1889
30%
Powstanie Unii Europejskiej1993
30%

Rozkład punktacji

Percentyl według liczby udzielonych odpowiedzi

Procent ludzi z każdym wynikiem

Twoja historia wyników

Nie rozwiązałeś tego quizu